| 000 | 00642nam a22001697a 4500 | ||
|---|---|---|---|
| 020 | _qHard Cover. | ||
| 082 | _a371.33 | ||
| 100 | _aTajik, Nadia | ||
| 245 |
_aEnhancing Teachers’ ICT pedagogy skills and evaluating their impact on student achievement in grade 7 Mathematics / _cNadia Tajik. |
||
| 260 |
_aIslamabad: _bSEECS - NUST, _c2018. |
||
| 300 |
_a142 p.: ill.; _c30cm. _e+CD. |
||
| 650 |
_aInnovative Technologies in Education MS-Thesis _922125 |
||
| 700 |
_aManzil e Maqsood. _920145 |
||
| 856 | _uhttp://10.250.8.41:8080/xmlui/handle/123456789/13408 | ||
| 942 |
_2ddc _cTHE |
||
| 999 |
_c529670 _d529670 |
||